LEADER 01013nam a2200253 i 4500 001 000000172029 003 CaOOAMICUS 005 20080521000000.0 008 080521s1978 it u000 u ita u 013 $a149466 040 $aSeMil$bita 100 1 $aKafka, Franz,$d<1883-1924>.$0(OLS)http://semarc/name/8139 240 14$aDer Prozess.$0(OLS)http://semarc/title/246252 245 13$aIl processo /$cFranz Kafka ; Traduzione di Giorgio Zampa. 260 $aMilano :$bAdelphi,$ccopyr. 1978. 300 $a263 p. ;$c18 cm. 490 0 $aPiccola Biblioteca Adelphi ;$v69 500 $aDedica autografa in preliminari. 700 1 $aZampa, Giorgio,$d<1921-2008>.$0(OLS)http://semarc/name/8700 830 0$aPiccola biblioteca Adelphi ;$v69.$0(OLS)http://semarc/title/7074 850 $aSeMil 852 $aSeMil$W1$xVenegono$y1$m1W IV 56$j122892$B122892$CSeMilBibl$Z2$F134211 $81 996 $6245$aIl processo$9(OLS)http://semarc/title/246251 996 $6260$aMilano :$bAdelphi$9(OLS)http://semarc/publisher/30018 LEADER 01442nam a2200289 i 4500 001 000000257213 003 CaOOAMICUS 005 20180221000000.0 008 180221s2014 it u000 u ita u 013 $a236121 020 $a978-88-15-25337-8 040 $aSeMil$bita 245 10$aDavanti a Dio e davanti agli uomini :$bla responsabilità fra diritto della Chiesa e diritto dello Stato /$ca cura di Natascia Marchei, Daniela Milani e Jlia Pasquali Cerioli. 260 $aBologna :$bIl Mulino,$c2014. 300 $a256 p. ;$c22 cm. 490 0 $aPercorsi. Diritto 650 4$aChiesa cattolica - Clero - Responsabilità penale - Diritto canonico [e] Diritto ecclesiastico.$0(OLS)http://semarc/subject/47064 700 1 $aMarchei, Natascia.$0(OLS)http://semarc/name/94763 700 1 $aPasquali Cerioli, Jlia.$0(OLS)http://semarc/name/56044 700 1 $aMilani, Daniela <1970- >.$0(OLS)http://semarc/name/67072 830 0$aPercorsi. Diritto.$0(OLS)http://semarc/title/400408 850 $aSeMil 852 $aSeMil$W1$xVenegono$y1$m2H II 20$j207559$B207559$CSeMilBibl$Z2$F221602 $81 961 $aAcquisto: Hoepli 996 $6020$a978-88-15-25337-8$9(OLS)http://semarc/number/281877 996 $6245$aDavanti a Dio e davanti agli uomini :$bla responsabilità fra diritto della Chiesa e diritto dello Stato$9(OLS)http://semarc/title/412728 996 $6260$aBologna :$bIl Mulino$9(OLS)http://semarc/publisher/29842